El libro secreto de los mongoles

Zapisane w:
Opis bibliograficzny
1. autor: Alvarez Flórez, José Manuel (Autor)
Format: Książka
Język:hiszpański
Wydane: Barcelona Muchnik 1985
Hasła przedmiotowe:
Etykiety: Dodaj etykietę
Nie ma etykietki, Dołącz pierwszą etykiete!

MARC

LEADER 00000nam a2200000 a 4500
001 UCW9989
003 CL-VaPUC
008 890713e19850000SP |||||||||||||||||spa|d
082 0 4 |a 950.2  |b ALV  |2 21 
100 0 |a Alvarez Flórez, José Manuel  |e author  |9 315458 
245 1 3 |a El libro secreto de los mongoles 
300 |a 237 p 
942 |c BK 
945 |d 19890713 00:00:00 
260 |a Barcelona  |b Muchnik  |c 1985 
500 |a Versión basada en las traducciones al inglés de Francis W. Cleaves y Paul Kahn. 
600 0 7 |a GENGHIS, KHAN  |2 CL-VaPUC  |9 314066 
650 7 |a MONGOLES  |2 CL-VaPUC  |9 314067 
650 0 |a Historia  |9 255047 
583 |a last modification  |c 19890713 00:00:00  |k Rodrigo Vera 
999 |c 221798  |d 221796 
952 |0 0  |1 0  |4 0  |6 950_200000000000000_ALV_1985  |7 0  |8 A  |9 215681  |a BIBHIS  |b BIBHIS  |d 2019-11-15  |i 2840804  |l 1  |o 950.2 ALV 1985  |p 2840804  |r 2025-01-20  |s 2024-05-23  |w 2019-11-15  |y BK  |k HIS